| 000 | 00842nam a2200301 a 4500 | ||
|---|---|---|---|
| 003 | AR-BaBNM | ||
| 005 | 20251128210032.0 | ||
| 008 | 082120s2002 ||||||||||||||000 | spa|| | ||
| 020 | _a987-9191-25-0 | ||
| 040 | _cAR-BaBNM | ||
| 100 | 1 | _aEspinosa Aragón, Carolina | |
| 245 | 0 | 0 |
_aLectura y escritura _bteorías y promoción |
| 250 | _a1ª ed. | ||
| 260 |
_aBuenos Aires _bEdiciones Novedades Educativas _c1998 |
||
| 300 | _a141 p. | ||
| 490 | 0 | _aBibliotecología | |
| 504 | _aContiene bibliografía p. 137-141 | ||
| 650 | 4 | _aLECTURA | |
| 650 | 4 | _aESCRITURA | |
| 650 | 4 | _aACTIVIDADES DE APRENDIZAJE | |
| 650 | 4 | _aENSEÑANZA DE LA LECTURA | |
| 650 | 4 | _aINICIACION EN LA LECTURA | |
| 650 | 4 | _aENSEÑANZA DE LA ESCRITURA | |
| 653 | _aENSENANZA DE LA LENGUA | ||
| 653 | _aLECTOESCRITURA | ||
| 942 | _cBK | ||
| 998 | _cRaquel | ||
| 999 |
_c13795 _d13795 |
||